| 000 | 01347cam a2200397 4500 | ||
|---|---|---|---|
| 999 |
_c23453 _d23453 |
||
| 001 | vtls011925381 | ||
| 005 | 20221011074636.0 | ||
| 008 | 210906s2020 xo gr 010 0 slo | ||
| 020 |
_a9788022022088 _q(viazané) |
||
| 035 | _aurn:nbn:sk:snk-am00fici | ||
| 035 | _aurn:nbn:sk:snk-am3iunu | ||
| 035 | _aE18A6720-6BBC-48A8-ADE9-8CE0ED990812 | ||
| 040 |
_aSNK _bslo _cSNK _erda |
||
| 041 | 1 |
_aslo _heng |
|
| 044 |
_axo _cSK |
||
| 072 | 7 |
_a821.111-3 _xAnglická próza, anglicky písaná _2konspekt |
|
| 080 |
_a821.111-31 _22011 |
||
| 080 |
_a(0:82-312.4) _22011 |
||
| 080 |
_a(0:82-312.5) _22011 |
||
| 100 | 1 |
_aBowen, Rhys, _d1941- _4aut _93672 |
|
| 245 | 1 | 0 |
_aPanstvo Farleigh _cRhys Bowen ; z anglického originálu Rhys Bowen In Farleigh Field ... preložila Denisa Ghaniová |
| 264 | 1 |
_aBratislava _bSlovenský spisovateľ, a.s. _c2020 |
|
| 300 |
_a392 strán _c21 cm |
||
| 336 |
_atext _btxt _2rdacontent |
||
| 337 |
_abez média _bn _2rdamedia |
||
| 338 |
_azväzok _bnc _2rdacarrier |
||
| 655 | 7 |
_aanglické romány _2SNKPH _98 |
|
| 655 | 7 |
_aEnglish fiction _2SNKPHeng _99 |
|
| 655 | 7 |
_aSpy novels _2SNKPHeng _91785 |
|
| 655 | 7 |
_ašpionážne romány _2SNKPH _91786 |
|
| 655 | 7 |
_aľúbostné romány _2SNKPH _913 |
|
| 655 | 7 |
_aLove novels _2SNKPHeng _91667 |
|
| 700 | 1 |
_aGhaniová, Denisa _4trl _93673 |
|
| 958 | _aLX | ||
| 958 | _aUP | ||